Classifica perpetua de LaLiga - Statistics

Statistiche generali
  • Questo quiz è stato fatto 84 volte
  • Il punteggio medio è 25 su 63
Statistiche sulle risposte
Punti Comunità Squadra % Corretto
5043 Comunità di Madrid Real Madrid
100%
4053 Comunità di Madrid Atlético de Madrid
98%
4937 Catalogna FC Barcelona
98%
3801 Comunità Valenciana Valencia
97%
3284 Andalusia Sevilla
92%
2339 Andalusia Real Betis
85%
3805 Paesi Baschi Athletic Club
83%
3029 Paesi Baschi Real Sociedad
83%
3040 Catalogna RCD Espanyol
81%
1114 Canarie UD Las Palmas
75%
1843 Galizia Deportivo La Coruña
71%
259 Catalogna Girona
71%
1358 Isole Baleari Mallorca
71%
1439 Comunità Valenciana Villarreal
71%
925 Comunità di Madrid Getafe
69%
631 Comunità Valenciana Levante
66%
540 Andalusia CD Málaga
64%
791 Andalusia Málaga
64%
875 Comunità di Madrid Rayo Vallecano
64%
2154 Galizia Celta Vigo
61%
1641 Navarra Osasuna
58%
2109 Aragona Real Zaragoza
58%
1641 Castiglia e León Real Valladolid
54%
714 Paesi Baschi Alavés
49%
828 Andalusia Granada
49%
1174 Asturie Real Oviedo
47%
510 Canarie CD Tenerife
42%
709 Comunità Valenciana Elche
42%
1389 Asturie Sporting Gijón
42%
52 Andalusia AD Almería
37%
499 Andalusia Cádiz
37%
445 Murcia Real Murcia
37%
301 Andalusia UD Almería
37%
302 Paesi Baschi Eibar
34%
199 Comunità di Madrid Leganés
34%
1415 Cantabria Racing Santander
34%
67 Aragona SD Huesca
31%
230 Andalusia Córdoba
29%
257 Castiglia-La Mancia Albacete
27%
168 Castiglia e León Burgos CF
24%
96 Castiglia e León Real Burgos
24%
285 Comunità Valenciana CD Castellón
15%
188 Andalusia Recreativo Huelva
15%
19 Ex Marocco (Tetuán) Atlético Tetuán
14%
377 Castiglia e León Salamanca
14%
83 Extremadura CF Extremadura
12%
14 Castiglia e León Cultural Leonesa
10%
538 Comunità Valenciana Hércules
10%
190 Galizia SD Compostela
10%
150 Galizia Pontevedra
8%
293 La Rioja CD Logroñés
5%
81 Extremadura CP Mérida
5%
148 Castiglia e León Numancia
5%
71 Andalusia Real Jaén
5%
56 Paesi Baschi Real Unión
5%
40 Catalogna UE Lleida
5%
42 Catalogna CE Europa
3%
107 Paesi Baschi Arenas Club
2%
76 Comunità Valenciana CD Alcoyano
2%
91 Catalogna Gimnàstic
2%
353 Catalogna Sabadell
2%
34 Andalusia Xerez
2%
22 Catalogna CD Condal
0%
Nessun quiz corrispondente trovato
Distribuzione punteggi
Percentuale di utenti per punteggio
Percentile per numero di risposta
I tuoi punteggi nel tempo
Non hai fatto questo quiz